书目信息 |
| 题名: |
岁月留痕
|
|
| 作者: | 马长山 编 | |
| 分册: | ||
| 出版信息: | 昆明 云南人民出版社 2011.06 |
|
| 页数: | 263页 | |
| 开本: | 20cm | |
| 丛书名: | ||
| 单 册: | ||
| 中图分类: | I227 | |
| 科图分类: | ||
| 主题词: | 诗歌--中国 , 韵文--中国 | |
| 电子资源: | ||
| ISBN: | 978-7-222-08032-4 | |
| 000 | 00583nam0 2200205 450 | |
| 001 | 1156935416 | |
| 005 | 20111219155035.37 | |
| 010 | @a978-7-222-08032-4@dCNY28.00 | |
| 100 | @a20111219d2011 km y0chiy0120 ea | |
| 101 | 0 | @achi |
| 102 | @aCN@b530000 | |
| 200 | 1 | @a岁月留痕@Asui yue liu hen@f马长山编@Fma chang shan bian |
| 210 | @a昆明@c云南人民出版社@d2011.06 | |
| 215 | @a263页@d20cm | |
| 606 | 0 | @a诗歌@x中国 |
| 606 | 0 | @a韵文@x中国 |
| 690 | @aI227@v4 | |
| 701 | 0 | @a马长山@Ama chang shan@4编 |
| 801 | 0 | @aCN@b大连网信软件有限公司图书馆·11@c20111219 |
| 905 | @aZUCC@dI227@eM027 | |
| 岁月留痕/马长山编.-昆明:云南人民出版社,2011.06 |
| 263页;20cm |
| ISBN 978-7-222-08032-4:CNY28.00 |
| ● |
| 相关链接 |
|
|
|
正题名:岁月留痕
索取号:I227/M027
 
预约/预借
| 序号 | 登录号 | 条形码 | 馆藏地/架位号 | 状态 | 备注 |
| 1 | 843269 | 208432695 | 文学库108/108文学库 18排7列3层/ [索取号:I227/M027] | 在馆 | |
| 2 | 843270 | 208432702 | 文学库108/108文学库 18排7列3层/ [索取号:I227/M027] | 在馆 | |
| 3 | 843271 | 208432711 | 社科二线400B/400B社科库 16排4列3层/ [索取号:I227/M027] | 在馆 |